00606nam a2200217Ia 4500003000400000005001700004006001800021007000300039008004100042024001000083037001800093040001800111041001300129100001500142110006200157245004700219260000900266650002100275700003000296700006200326OSt20220930203755.0a|||||r|||| 00| 0ta220926b |||||||| |||| 00| 0 hin d a79648 cDissertations aCRLcCRLbhin 2hinahin aAmit Kumar aUniversity of Delhi. Faculty of Arts. Department of Hindi 0aIttni patthar roshni b Samvedna aur shilp c2003 aHINDI LITERATURE a Dr Hari Mohan Sharma Gu. aUniversity of Delhi. Faculty of Arts. Department of Hindi